[Event "GER-chT Online Liga 1 GpA"]
[Site "Playchess.com INT"]
[Date "2021.02.08"]
[Round "3.3"]
[White "Heldt, Maximilian"]
[Black "Kemper, Yannik"]
[Result "1/2-1/2"]
[WhiteElo "2072"]
[BlackElo "1733"]
[PlyCount "79"]
[EventDate "2021.01.22"]
[EventType "team-tourn (rapid)"]
[EventRounds "7"]
[EventCountry "GER"]
[SourceTitle "EXT 2022"]
[Source "ChessBase"]
[SourceDate "2021.10.06"]
[SourceVersion "1"]
[SourceVersionDate "2021.10.06"]
[SourceQuality "1"]
[WhiteTeam "Essen Katernberg"]
[BlackTeam "Ludwigshafen"]
[WhiteTeamCountry "GER"]
[BlackTeamCountry "GER"]

1. c4 Nf6 2. g3 g6 3. Bg2 Bg7 4. e4 d6 5. Ne2 0-0 6. 0-0 c5 7. Nbc3 Nc6 8. d3 a6 9. f4 Rb8 10. a4 Bd7 11. Nd5 Nxd5 12. cxd5 Nb4 13. Qb3 b5 14. a5 Bg4 15. Bf3 Qd7 16. Bd2 Bh3 17. Rfb1 e6 18. Bxb4 cxb4 19. dxe6 Bxe6 20. Qxb4 Rbc8 21. Rc1 Qa7+ 22. d4 Rc4 23. Rxc4 Bxc4 24. Rd1 Re8 25. Qxd6 Bxe2 26. Bxe2 Rxe4 27. Qd8+ Bf8 28. Bf3 Re3 29. Kf2 Rb3 30. Rd2 Qe7 31. Qxe7 Bxe7 32. Bb7 Bb4 33. Rc2 Bxa5 34. Bxa6 Bb6 35. Rd2 Rxb2 36. Rxb2 Bxd4+ 37. Kf3 Bxb2 38. Bxb5 Kg7 39. h3 h6 40. g4 1/2-1/2

[Event "DSOL 01 Liga Gr-A 1st"]
[Site "Playchess.com INT"]
[Date "2020.07.17"]
[Round "4.4"]
[White "Sarec, Ivica"]
[Black "Heldt, Maximilian"]
[Result "0-1"]
[WhiteElo "2012"]
[BlackElo "2078"]
[PlyCount "72"]
[EventDate "2020.06.22"]
[EventType "team-tourn (rapid)"]
[EventCountry "GER"]
[SourceTitle "EXT 2021"]
[Source "ChessBase"]
[SourceDate "2020.10.23"]
[SourceVersion "1"]
[SourceVersionDate "2020.10.23"]
[SourceQuality "1"]
[WhiteTeam "Herzogenaurach"]
[BlackTeam "Essen Katernberg"]
[WhiteTeamCountry "GER"]
[BlackTeamCountry "GER"]

1. c4 c5 2. g3 g6 3. Bg2 Bg7 4. e3 e5 5. Nc3 Ne7 6. Nge2 Nbc6 7. a3 a5 8. Rb1 0-0 9. 0-0 d6 10. d3 Be6 11. h3 d5 12. cxd5 Nxd5 13. Ne4 b6 14. N2c3 Rc8 15. Qe2 f5 16. Nd2 Qd7 17. Nc4 Rb8 18. Nb5 f4 19. e4 Bxh3 20. Bxh3 Qxh3 21. Qf3 Nf6 22. Qg2 Qd7 23. Rd1 fxg3 24. fxg3 Ng4 25. Be3 Nxe3 26. Nxe3 Nd4 27. Nc3 Rf3 28. Ncd5 Bh6 29. Nc4 Qg4 30. Nxe5 Ne2+ 31. Kh1 Nxg3+ 32. Kh2 Qh5+ 33. Kg1 Ne2+ 34. Qxe2 Rg3+ 35. Qg2 Rxg2+ 36. Kxg2 Qxe5 0-1

[Event "Ruhrgebiet Regionalliga 1819"]
[Site "Nordrheinwestfalen"]
[Date "2019.01.27"]
[Round "6.3"]
[White "Heldt, Maximilian"]
[Black "Luetke, Jens"]
[Result "1/2-1/2"]
[WhiteElo "2080"]
[BlackElo "2188"]
[PlyCount "111"]
[EventDate "2018.09.02"]
[EventType "team-tourn"]
[EventRounds "11"]
[EventCountry "GER"]
[SourceTitle "EXT 2022"]
[Source "ChessBase"]
[SourceDate "2021.10.06"]
[SourceVersion "1"]
[SourceVersionDate "2021.10.06"]
[SourceQuality "1"]
[WhiteTeam "Essen Katernberg II"]
[BlackTeam "Kamen SV"]
[WhiteTeamCountry "GER"]
[BlackTeamCountry "GER"]

1. c4 d6 2. g3 g6 3. Bg2 Bg7 4. e4 c5 5. Ne2 Nc6 6. Nbc3 h5 7. h4 Bg4 8. f3 Bd7 9. d3 a6 10. Be3 b5 11. cxb5 axb5 12. d4 b4 13. Nd5 e6 14. Ndf4 cxd4 15. Bf2 e5 16. Nd3 Qa5 17. 0-0 Nf6 18. Be1 Qb6 19. Kh1 0-0 20. Ng1 d5 21. Bd2 Qb5 22. Qe2 Rfe8 23. Rfc1 dxe4 24. fxe4 Bg4 25. Bf3 Bf8 26. Bg5 Bxf3+ 27. Qxf3 Ng4 28. Rf1 Ra7 29. Nf2 Nxf2+ 30. Rxf2 Qc4 31. g4 hxg4 32. Qxg4 Qe6 33. Qg3 Bg7 34. Raf1 Qxa2 35. h5 Re6 36. h6 Bf8 37. Qh4 f5 38. exf5 Qd5+ 39. Rg2 gxf5 40. Bf6+ Kh7 41. Qg5 Ne7 42. Bxe7 Rxh6+ 43. Nh3 Rxh3+ 44. Kg1 Qf7 45. Bxf8 Rh5 46. Qd8 Rd7 47. Qb8 Rb7 48. Qd6 Rd7 49. Qxb4 d3 50. Rff2 Rb7 51. Qc5 Rc7 52. Rxf5 Rxf5 53. Rh2+ Kg8 54. Rg2+ Kh7 55. Rh2+ Kg8 56. Rg2+ 1/2-1/2

[Event "Ruhrgebiet Regionalliga 1819"]
[Site "Nordrheinwestfalen"]
[Date "2018.12.16"]
[Round "5.3"]
[White "Ozerov, Ilja"]
[Black "Heldt, Maximilian"]
[Result "1-0"]
[WhiteElo "2175"]
[BlackElo "2104"]
[PlyCount "89"]
[EventDate "2018.09.02"]
[EventType "team-tourn"]
[EventRounds "11"]
[EventCountry "GER"]
[SourceTitle "EXT 2022"]
[Source "ChessBase"]
[SourceDate "2021.10.06"]
[SourceVersion "1"]
[SourceVersionDate "2021.10.06"]
[SourceQuality "1"]
[WhiteTeam "Muelheim Nord III"]
[BlackTeam "Essen Katernberg II"]
[WhiteTeamCountry "GER"]
[BlackTeamCountry "GER"]

1. f4 c5 2. e4 d5 3. exd5 Qxd5 4. Nc3 Qd8 5. Nf3 Nf6 6. Bc4 e6 7. Ne5 Nbd7 8. Qe2 Nxe5 9. fxe5 Nd5 10. 0-0 Nb6 11. Bb5+ Bd7 12. Qf3 Qe7 13. Qxb7 Bxb5 14. Qxe7+ Bxe7 15. Nxb5 0-0 16. d3 Rfd8 17. b3 Nd5 18. Na3 Nb4 19. Bd2 a5 20. Bxb4 cxb4 21. Nc4 Bc5+ 22. Kh1 a4 23. g3 Bd4 24. Rae1 axb3 25. axb3 Ra2 26. Re2 Bc3 27. Rd1 Rd5 28. Kg2 h6 29. Kf3 Kh7 30. Rc1 g5 31. g4 Kg8 32. h4 gxh4 33. Rh1 Ra1 34. Rxa1 Bxa1 35. Kg2 Kg7 36. Kh3 Kg6 37. Kxh4 Bd4 38. Kg3 Kg5 39. Kf3 Bc3 40. Re4 Rd7 41. Nb6 Rc7 42. Na4 Bd2 43. Rc4 Rb7 44. Nc5 Rb5 45. Ne4+ 1-0

[Event "GER-ch U25-A"]
[Site "Willingen"]
[Date "2018.05.23"]
[Round "6"]
[White "Heldt, Maximilian"]
[Black "Savchenko, Daniel"]
[Result "1-0"]
[WhiteElo "2065"]
[BlackElo "2097"]
[PlyCount "107"]
[EventDate "2018.05.19"]
[EventType "swiss"]
[EventRounds "9"]
[EventCountry "GER"]
[SourceTitle "CBM 184 Extra"]
[Source "ChessBase"]
[SourceDate "2018.06.28"]
[SourceVersion "1"]
[SourceVersionDate "2018.06.28"]
[SourceQuality "1"]

1. c4 e5 2. g3 g6 3. Bg2 Bg7 4. Nc3 d6 5. e4 Nc6 6. Nge2 Be6 7. d3 Qd7 8. Nd5 Nd4 9. Nxd4 exd4 10. 0-0 0-0-0 11. b4 h5 12. h4 Bg4 13. Qb3 c6 14. f3 Bh3 15. Nf4 Bxg2 16. Nxg2 Qh3 17. Kf2 Nh6 18. Bf4 Qd7 19. c5 Be5 20. cxd6 f6 21. b5 c5 22. b6 a6 23. Rac1 Qxd6 24. Qb4 Kb8 25. Qxc5 Qe6 26. Qc4 Qxb6 27. Rb1 Qa5 28. Rb2 Rc8 29. Qxd4 Qc7 30. Bxe5 fxe5 31. Qb4 Rhd8 32. Rc1 Qd7 33. Rxc8+ Rxc8 34. Ne3 Nf7 35. Nd5 Rc6 36. Qe7 Qc8 37. Nb4 Rb6 38. Rc2 Qh3 39. Qxf7 Qh2+ 40. Ke3 Qg1+ 41. Rf2 Qe1+ 42. Re2 Qc1+ 43. Kf2 Qc5+ 44. Kg2 Rxb4 45. Qxg6 Rb1 46. Qxh5 Qg1+ 47. Kh3 Qf1+ 48. Rg2 Ka7 49. Qxe5 Qxf3 50. Qf4 Qxd3 51. Rd2 Qa3 52. Qf2+ Kb8 53. Rd8+ Kc7 54. Qf8 1-0

[Event "GER-ch U25-A"]
[Site "Willingen"]
[Date "2018.05.21"]
[Round "3"]
[White "Meiwes, Thore"]
[Black "Heldt, Maximilian"]
[Result "0-1"]
[WhiteElo "1838"]
[BlackElo "2065"]
[PlyCount "98"]
[EventDate "2018.05.19"]
[EventType "swiss"]
[EventRounds "9"]
[EventCountry "GER"]
[SourceTitle "CBM 184 Extra"]
[Source "ChessBase"]
[SourceDate "2018.06.28"]
[SourceVersion "1"]
[SourceVersionDate "2018.06.28"]
[SourceQuality "1"]

1. d4 Nf6 2. Bf4 c5 3. e3 Qb6 4. Nc3 d6 5. dxc5 Qxc5 6. h3 g6 7. Nf3 Bg7 8. Nd4 a6 9. Be2 0-0 10. 0-0 Qc7 11. Bh2 Nc6 12. Bf3 Bd7 13. Nd5 Nxd5 14. Bxd5 Rac8 15. c3 b5 16. Nxc6 Bxc6 17. Rc1 Qb7 18. Bxc6 Rxc6 19. Qf3 Rfc8 20. Rc2 Qd7 21. Rfc1 Qe6 22. a3 a5 23. Qe2 Qb3 24. e4 Qc4 25. Qe3 Qa4 26. Qe2 Rc4 27. f3 b4 28. axb4 axb4 29. e5 Bh6 30. Rd1 b3 31. Rcd2 Bxd2 32. Qxd2 dxe5 33. Bxe5 f6 34. Bg3 Qc6 35. Ra1 Rc5 36. Ra7 Rg5 37. Bf4 Rd5 38. Qe3 Rd7 39. Ra3 Rb7 40. Kh2 Kf7 41. Bh6 Qd6+ 42. f4 Qxa3 43. bxa3 b2 44. f5 gxf5 45. Qf3 b1Q 46. Qh5+ Ke6 47. Qe2+ Qe4 48. Qa2+ Qd5 49. Qe2+ Qe5+ 0-1

[Event "Ruhrgebiet Verbandsklasse Gruppe 3 1617"]
[Site "Germany"]
[Date "2016.12.18"]
[Round "5.1"]
[White "Viebahn, Dirk"]
[Black "Heldt, Maximilian"]
[Result "1-0"]
[WhiteElo "2123"]
[BlackElo "2031"]
[PlyCount "85"]
[EventDate "2016.09.04"]
[EventType "team-tourn"]
[EventRounds "9"]
[EventCountry "GER"]
[SourceTitle "EXT 2022"]
[Source "ChessBase"]
[SourceDate "2021.10.06"]
[SourceVersion "1"]
[SourceVersionDate "2021.10.06"]
[SourceQuality "1"]
[WhiteTeam "Muelheim SC"]
[BlackTeam "Katernberg SF IV"]
[WhiteTeamCountry "GER"]
[BlackTeamCountry "GER"]

1. Nf3 c5 2. c4 Nc6 3. Nc3 g6 4. g3 Bg7 5. Bg2 e5 6. d3 Nge7 7. 0-0 d6 8. Bd2 0-0 9. Ne1 Be6 10. Nc2 d5 11. cxd5 Nxd5 12. Ne4 b6 13. Ng5 Qd7 14. Nxe6 Qxe6 15. Rb1 Rad8 16. Qc1 f5 17. Bg5 Bf6 18. Bh6 Bg7 19. Bg5 Rd7 20. Bh3 Rc7 21. Na3 Nd4 22. Qd1 Qf7 23. Nc4 b5 24. Nd6 Qd7 25. Ne4 Ne6 26. Bc1 Qe7 27. Nc3 Nxc3 28. bxc3 a6 29. Bg2 Rd8 30. Qb3 c4 31. dxc4 Rxc4 32. Ba3 Qf7 33. Rbd1 e4 34. Rxd8+ Nxd8 35. Rd1 Nc6 36. Bb4 Bf8 37. Bxf8 Qxf8 38. e3 Na5 39. Qb2 Qf6 40. Qa3 Ra4 41. Qc5 Rc4 42. Qa7 Rxc3 43. Qa8+ 1-0

[Event "Ruhrgebiet Verbandsklasse Gruppe 3 1617"]
[Site "Germany"]
[Date "2016.10.30"]
[Round "3.1"]
[White "Heldt, Maximilian"]
[Black "Kindermann, Carsten"]
[Result "1-0"]
[WhiteElo "2031"]
[BlackElo "1941"]
[PlyCount "77"]
[EventDate "2016.09.04"]
[EventType "team-tourn"]
[EventRounds "9"]
[EventCountry "GER"]
[SourceTitle "EXT 2022"]
[Source "ChessBase"]
[SourceDate "2021.10.06"]
[SourceVersion "1"]
[SourceVersionDate "2021.10.06"]
[SourceQuality "1"]
[WhiteTeam "Katernberg SF IV"]
[BlackTeam "Borbeck Weisse Dame II"]
[WhiteTeamCountry "GER"]
[BlackTeamCountry "GER"]

1. e4 e6 2. d4 d5 3. Nd2 c5 4. dxc5 Bxc5 5. Nb3 Bb6 6. exd5 exd5 7. Nf3 Nc6 8. c3 Bg4 9. Be2 Qd6 10. 0-0 Nge7 11. Re1 0-0 12. Nfd4 Bxe2 13. Rxe2 Rad8 14. Be3 Qf6 15. Qd2 h6 16. a4 Ne5 17. a5 Nc4 18. Qc2 Nxe3 19. Rxe3 Bxd4 20. Nxd4 Nc6 21. Rd1 Nxa5 22. Ra1 Nc4 23. Rg3 a6 24. Nf5 g5 25. Rh3 Nd6 26. Nxh6+ Kg7 27. Ng4 Qf5 28. Qd1 Ne4 29. Rf3 Qe6 30. Ne3 f5 31. Qd4+ Kg6 32. h3 f4 33. Ng4 Rf5 34. Re1 Qd6 35. Rd3 Nc5 36. Rdd1 Ne6 37. Qd3 Rdf8 38. Re5 Nc5 39. Qc2 1-0

[Event "Dortmund Sparkassen op-A 44th"]
[Site "Dortmund"]
[Date "2016.07.17"]
[Round "9"]
[White "Rott, Georg"]
[Black "Heldt, Maximilian"]
[Result "0-1"]
[WhiteElo "2139"]
[BlackElo "1975"]
[PlyCount "54"]
[EventDate "2016.07.09"]
[EventType "swiss"]
[EventRounds "9"]
[EventCountry "GER"]
[SourceTitle "CBM 173 Extra"]
[Source "ChessBase"]
[SourceDate "2016.08.29"]
[SourceVersion "1"]
[SourceVersionDate "2016.08.29"]
[SourceQuality "1"]

1. e4 c5 2. Nf3 Nc6 3. Bb5 g6 4. Bxc6 dxc6 5. d3 Bg7 6. h3 e5 7. Be3 b6 8. Nbd2 Ne7 9. 0-0 0-0 10. Nc4 Qc7 11. a4 Be6 12. Nfd2 f5 13. f3 f4 14. Bf2 g5 15. Qe2 Ng6 16. Rfd1 h5 17. c3 Rad8 18. b4 cxb4 19. cxb4 Qd7 20. Ra3 g4 21. hxg4 hxg4 22. fxg4 f3 23. Qe3 fxg2 24. Qg5 Qf7 25. Bg3 Bxc4 26. dxc4 Rxd2 27. Qxd2 Qf1+ 0-1

[Event "Dortmund Sparkassen op-B"]
[Site "Dortmund"]
[Date "2015.07.02"]
[Round "6"]
[White "Heldt, Maximilian"]
[Black "Seibt, Sascha"]
[Result "1-0"]
[WhiteElo "1910"]
[BlackElo "1765"]
[PlyCount "53"]
[EventDate "2015.06.27"]
[EventType "swiss"]
[EventRounds "9"]
[EventCountry "GER"]
[SourceTitle "CBM 167 Extra"]
[Source "ChessBase"]
[SourceDate "2015.09.14"]
[SourceVersion "1"]
[SourceVersionDate "2015.09.14"]
[SourceQuality "1"]

1. e4 c5 2. Na3 e6 3. Nf3 Nc6 4. Bb5 g6 5. c3 a6 6. Bxc6 bxc6 7. 0-0 d5 8. e5 Ne7 9. d4 cxd4 10. cxd4 h6 11. Nc2 Bg7 12. Bd2 0-0 13. Nfe1 a5 14. f4 Ba6 15. Rf3 Qb6 16. Bc3 Bb7 17. Nd3 Rfe8 18. Nc5 Bf8 19. Be1 Nf5 20. Rb3 Qc7 21. Rxb7 Qc8 22. Rb3 a4 23. Rf3 Qb8 24. Nb4 Qb6 25. Rc1 a3 26. bxa3 Ra5 27. Bf2 1-0

[Event "Dortmund Sparkassen op-B"]
[Site "Dortmund"]
[Date "2015.06.30"]
[Round "4"]
[White "Heldt, Maximilian"]
[Black "Raskin, Vitaly"]
[Result "1-0"]
[WhiteElo "1910"]
[BlackElo "1647"]
[PlyCount "97"]
[EventDate "2015.06.27"]
[EventType "swiss"]
[EventRounds "9"]
[EventCountry "GER"]
[SourceTitle "CBM 167 Extra"]
[Source "ChessBase"]
[SourceDate "2015.09.14"]
[SourceVersion "1"]
[SourceVersionDate "2015.09.14"]
[SourceQuality "1"]

1. e4 e5 2. Nf3 Nc6 3. Bb5 a6 4. Ba4 Nf6 5. d4 exd4 6. 0-0 Be7 7. Re1 0-0 8. e5 Nd5 9. c4 Nb6 10. Bc2 Nxc4 11. Qd3 g6 12. Qxc4 b5 13. Qe2 d5 14. exd6 Bxd6 15. Bh6 Nb4 16. Bxf8 Nxc2 17. Qxc2 Bxf8 18. Qe4 Bf5 19. Qxd4 Qxd4 20. Nxd4 Bg7 21. Nxf5 Bxb2 22. Ne7+ Kf8 23. Nd5 Bxa1 24. Nxc7 Ra7 25. Re8+ Kg7 26. Re7 Kf8 27. Re8+ Kg7 28. Re7 Kf8 29. Rd7 Kg8 30. Nd2 Be5 31. Rd8+ Kg7 32. Ne8+ Kh6 33. Nf3 Bc3 34. g4 Re7 35. Ra8 a5 36. Nd6 b4 37. g5+ Kh5 38. Rxa5 Rd7 39. Ne4 Kg4 40. Kg2 Rd3 41. Nxc3 Rxf3 42. Nd5 Ra3 43. Rxa3 bxa3 44. f4 Kf5 45. Kf3 Ke6 46. Nc3 f6 47. Nb5 h6 48. gxh6 Kf7 49. Nxa3 1-0

[Event "Solingen Karneval op"]
[Site "Solingen"]
[Date "2015.02.13"]
[Round "1"]
[White "Righi, Sofian"]
[Black "Heldt, Maximilian"]
[Result "0-1"]
[WhiteElo "1601"]
[BlackElo "2002"]
[PlyCount "94"]
[EventDate "2015.02.13"]
[EventType "swiss"]
[EventRounds "5"]
[EventCountry "GER"]
[SourceTitle "EXT 2016"]
[Source "ChessBase"]
[SourceDate "2015.10.08"]
[SourceVersion "1"]
[SourceVersionDate "2015.10.08"]
[SourceQuality "1"]

1. d4 c5 2. e3 g6 3. c4 Bg7 4. Nc3 Nc6 5. Nf3 Nh6 6. b3 Nf5 7. Ne2 Nb4 8. Ng3 Nxg3 9. hxg3 d6 10. a3 Nc6 11. Bb2 a5 12. Bc3 Bg4 13. Qd2 Bxf3 14. gxf3 cxd4 15. Bxd4 Nxd4 16. exd4 Qb6 17. Rb1 Bxd4 18. Bd3 Qc5 19. b4 axb4 20. axb4 Qe5+ 21. Qe2 Qxe2+ 22. Kxe2 Ra2+ 23. Kd1 Rxf2 24. Be4 b6 25. Bc6+ Kf8 26. Re1 Bc3 27. Re3 Rf1+ 28. Kc2 Rxb1 29. Kxb1 Bxb4 30. Re2 e6 31. Ra2 Kg7 32. Ra7 Bc5 33. g4 b5 34. Ra5 bxc4 35. Kc2 h5 36. gxh5 Rxh5 37. Rxc5 Rxc5 38. Bd5 exd5 39. Kc3 Kf6 40. f4 Kf5 41. Kd2 c3+ 42. Kc2 Ke4 43. Kc1 d4 44. f5 Rxf5 45. Kc2 Rb5 46. Kc1 d3 47. Kd1 Rb1# 0-1

[Event "Gelsenkirchen Silvester op 2nd"]
[Site "Gelsenkirchen"]
[Date "2014.12.28"]
[Round "4"]
[White "Tuscher, Albin"]
[Black "Heldt, Maximilian"]
[Result "1-0"]
[WhiteElo "1581"]
[BlackElo "1983"]
[PlyCount "75"]
[EventDate "2014.12.27"]
[EventType "swiss"]
[EventRounds "5"]
[EventCountry "GER"]
[SourceTitle "EXT 2019"]
[Source "ChessBase"]
[SourceDate "2018.10.10"]
[SourceVersion "1"]
[SourceVersionDate "2018.10.10"]
[SourceQuality "1"]

1. e4 c5 2. Nf3 Nc6 3. d4 cxd4 4. Nxd4 Nf6 5. Nc3 e6 6. Nb3 Bb4 7. Bd3 d5 8. exd5 exd5 9. 0-0 0-0 10. Bg5 Be6 11. Ne2 h6 12. Bh4 Bd6 13. Bg3 Ng4 14. c3 f5 15. Nf4 Bxf4 16. Bxf4 g5 17. Be3 Qd6 18. g3 b6 19. Nd4 f4 20. Nxe6 Qxe6 21. Bd4 Nxd4 22. cxd4 f3 23. Re1 Qd7 24. Qd2 Qf7 25. h3 Nf6 26. Re3 Qh5 27. Bf1 g4 28. Re5 Qg6 29. Bd3 Qg7 30. h4 Rae8 31. Rae1 Rxe5 32. Rxe5 Re8 33. Qf4 Rxe5 34. Qxe5 Qf8 35. Bf5 Qb4 36. a3 Qd2 37. Qe6+ Kg7 38. Qe7+ 1-0

[Event "Gelsenkirchen Silvester op 2nd"]
[Site "Gelsenkirchen"]
[Date "2014.12.27"]
[Round "2"]
[White "Sikorski, Thomas"]
[Black "Heldt, Maximilian"]
[Result "0-1"]
[WhiteElo "1791"]
[BlackElo "1983"]
[PlyCount "76"]
[EventDate "2014.12.27"]
[EventType "swiss"]
[EventRounds "5"]
[EventCountry "GER"]
[SourceTitle "EXT 2019"]
[Source "ChessBase"]
[SourceDate "2018.10.10"]
[SourceVersion "1"]
[SourceVersionDate "2018.10.10"]
[SourceQuality "1"]

1. c4 e5 2. Nc3 Nf6 3. Nf3 Nc6 4. d4 exd4 5. Nxd4 Bb4 6. Nxc6 bxc6 7. Bd2 0-0 8. g3 d5 9. Bg2 Bg4 10. 0-0 Qd7 11. Nxd5 cxd5 12. Bxb4 Rfe8 13. Re1 Rab8 14. Bc3 dxc4 15. Bxf6 gxf6 16. Qxd7 Bxd7 17. Rad1 Bg4 18. Rd2 Rbd8 19. Red1 Rxd2 20. Rxd2 Bxe2 21. Bd5 Bd3 22. f4 c5 23. Kf2 Rb8 24. Bf3 Kg7 25. Be2 Kg6 26. Ke3 Re8+ 27. Kf2 Rxe2+ 28. Rxe2 Bxe2 29. Kxe2 Kf5 30. Ke3 Kg4 31. Ke4 h5 32. a4 Kh3 33. a5 Kxh2 34. Kf3 f5 35. Kf2 Kh3 36. Kf3 h4 37. gxh4 Kxh4 38. Ke3 Kg4 0-1

[Event "Dortmund Sparkassen op-A"]
[Site "Dortmund"]
[Date "2014.07.19"]
[Round "8"]
[White "Heldt, Maximilian"]
[Black "Niekrens, Stefan"]
[Result "1/2-1/2"]
[WhiteElo "2022"]
[BlackElo "2005"]
[PlyCount "116"]
[EventDate "2014.07.12"]
[EventType "swiss"]
[EventRounds "9"]
[EventCountry "GER"]
[SourceTitle "CBM 161 Extra"]
[Source "ChessBase"]
[SourceDate "2014.08.29"]
[SourceVersion "1"]
[SourceVersionDate "2014.08.29"]
[SourceQuality "1"]

1. e4 e5 2. d4 exd4 3. Nf3 Nf6 4. e5 Ne4 5. Qxd4 d5 6. exd6 Nxd6 7. Be2 Nc6 8. Qd1 Be7 9. 0-0 0-0 10. Nc3 Bf5 11. Nd5 Bf6 12. c3 h6 13. Bf4 Re8 14. Bd3 Bg4 15. Be2 Bxf3 16. Bxf3 Be5 17. Qd2 Nc4 18. Qc2 Bxf4 19. Nxf4 N6e5 20. Be2 Qd2 21. Qxd2 Nxd2 22. Rfd1 Rad8 23. b3 Rd6 24. f3 g5 25. Nh5 Ng4 26. Bb5 Re5 27. fxg4 Rxb5 28. Ng3 Rbd5 29. Kh1 Ne4 30. Re1 Nxg3+ 31. hxg3 Rd3 32. Re7 Rxc3 33. Rf1 f6 34. Rfe1 Rd8 35. R1e6 Rf8 36. Rd7 Rf7 37. Re8+ Kg7 38. Rdd8 Kg6 39. Kh2 Rc1 40. Rd2 a5 41. Rf2 c5 42. Rd2 b5 43. Rc8 Re7 44. Rdd8 Rf1 45. Rg8+ Kf7 46. Rgf8+ Ke6 47. Rxc5 Kd6 48. Rf5 Rxf5 49. gxf5 Ke5 50. Rb8 Kxf5 51. Rxb5+ Re5 52. Rb6 g4 53. b4 axb4 54. Rxb4 Re1 55. a4 Ra1 56. Rb5+ Kg6 57. a5 h5 58. Rc5 Kh6 1/2-1/2

[Event "Dortmund Sparkassen op-A"]
[Site "Dortmund"]
[Date "2014.07.15"]
[Round "4"]
[White "Sherif, Amina"]
[Black "Heldt, Maximilian"]
[Result "1-0"]
[WhiteElo "1801"]
[BlackElo "2022"]
[PlyCount "36"]
[EventDate "2014.07.12"]
[EventType "swiss"]
[EventRounds "9"]
[EventCountry "GER"]
[SourceTitle "CBM 161 Extra"]
[Source "ChessBase"]
[SourceDate "2014.08.29"]
[SourceVersion "1"]
[SourceVersionDate "2014.08.29"]
[SourceQuality "1"]

1. e4 c5 2. Nf3 Nc6 3. Bb5 g6 4. 0-0 Bg7 5. c3 d6 6. Re1 Bd7 7. d4 cxd4 8. cxd4 Nf6 9. Nc3 0-0 10. Be3 Ng4 11. Bf4 Qb6 12. h3 Nf6 13. Qd2 Rfd8 14. Rad1 e5 15. Bg5 Re8 16. dxe5 Nxe5 17. Nxe5 Rxe5 18. Bxf6 Bxf6 1-0